European Countries by Number of Cities with 100k People - Statistics

General Stats
  • This quiz has been taken 12 times
  • The average score is 23 of 46
Answer Stats
Hint Explanation Answer % Correct
San Marino - None
80%
Netherlands 20 11 to 25
70%
Iceland 1 1 to 5
70%
Montenegro 1 1 to 5
70%
North Macedonia 1 1 to 5
70%
Latvia 1 1 to 5
70%
Albania 2 1 to 5
70%
Serbia 4 1 to 5
70%
Cyprus 2 1 to 5
70%
Austria 6 6 to 10
70%
Monaco - None
70%
Vatican City - None
70%
Andorra - None
70%
Liechtenstein - None
70%
Russia 172 101+
60%
Estonia 1 1 to 5
60%
Moldova 4 1 to 5
60%
Ireland 4 1 to 5
60%
Kosovo 1 1 to 5
60%
Poland 31 26 to 50
60%
Bulgaria 6 6 to 10
60%
Slovenia 1 1 to 5
50%
Lithuania 4 1 to 5
50%
Croatia 3 1 to 5
50%
France 41 26 to 50
50%
Germany 80 51 to 100
50%
Finland 6 6 to 10
50%
Switzerland 6 6 to 10
50%
Greece 8 6 to 10
50%
Malta - None
50%
Belarus 12 11 to 25
40%
Romania 24 11 to 25
40%
Slovakia 2 1 to 5
40%
United Kingdom 54 51 to 100
40%
Portugal 7 6 to 10
40%
Czech Republic 8 6 to 10
40%
Hungary 8 6 to 10
40%
Spain 67 51 to 100
30%
Luxembourg - None
30%
Denmark 4 1 to 5
20%
Italy 44 26 to 50
20%
Bosnia and Herzegovina 6 6 to 10
20%
Sweden 10 6 to 10
20%
Belgium 8 6 to 10
20%
Norway 4 1 to 5
10%
Ukraine 43 26 to 50
10%
No matching quizzes found
Score Distribution
Percent of People with Each Score
Percentile by Number Answered
Your Score History
You have not taken this quiz